000 00767nam a2200253Ia 4500
003 OSt
005 20220926024648.0
006 a|||||r|||| 00| 0
007 ta
008 220923b |||||||| |||| 00| 0 eng d
020 _a0750631325
037 _cGeneral Book
040 _aRTL
_cRTL
_beng
041 _2eng
_aeng
082 _aX.1(X).N9, N7
100 _aDrucker Peter F
245 0 _aDrucker on Asia
_b A dialogue between Peter Drucker and Isao Nakauchi
260 _aOxford
_bButterworth-Heinemann
_c1997
300 _alx,192p
_ccm.
650 _aEconomic Condition Developing Countries
700 _a Nakauchi Isao
_9133085
942 _hX.1(X).N9, N7
_cGB
_2CC
999 _c645138
_d645138